02113naa a2200145 a 450000100080000000500110000800800410001910000110006024500870007126000090015852015430016765300190171065300330172977302050176210779122011-07-01 1994 bl uuuu u00u1 u #d1 aEpagri aTransfer??ncia de tecnologia em arroz irrigado no Sul do Estado de Santa Catarina. c1994 aO baixo desempenho das lavouras de arroz no Sul do Estado de Santa Catarina (m??dia de 4.186 kg/ha ou 83,7 sacos de 50kg/ha) comparado ao das lavouras do norte, ambas no sistema pr??-germinado, e o alto rendimento obtido pelas cultivares recomendadas nos ensaios regionais (7.290 kg/ha) com as recomenda????es t??cnicas do sistema de produ????o, levou ao questionamento do processo de transfer??ncia de tecnologia. O produtor rejeita as tecnologias ou n??o existe um programa adequado de divulga????o? Com o objetivo de aumentar a produtividade atrav??s de um processo de transfer??ncia de tecnologia adequado, com ??nfase na semente e na aduba????o qu??mica, foram escolhidos dez produtores de arroz no munic??pio de forquilhinha, na safra 1990/91, e onze produtores em tr??s outros munic??pios, na safra 1992/93, para conduzirem sistemas de produ????o. No primeiro ano, o custo m??dio da aplica????o das duas tecnologias (18,2 sc/ha) resultou em aumento m??dio de produtividade de 81,3 sacos/ha, com saldo m??dio positivo de 61,3 sacos/ha (menor saldo positivo absoluto de 31,1 sacos/ha). No segundo ano, devi ?? ocorr??ncia de doen??as (Pyricularia oryzae) na regi??o e a problemas clim??ticos, as lavouras sofreram perdas por acamamento e pela pr??pria doen??a.Em m??dia, houve saldo positivo (22,3 sacos/ha); sendo o menor de 5,4 sacos/ha. Os saldos negativos foram decorrentes das perdas apontadas acima. A transfer??ncia de tecnologia de maneira eficaz pode aumentar a produtividade da lavoura para n??veis economicamente vi??veis. aArroz irrigado aTransfer??ncia de tecnologia tIn: CONFER??NCIA INTERNACIONAL DE ARROZ PARA A AM??RICA LATINA E CARIBE, 9. REUNI??O NACIONAL DE PESQUISA DE ARROZ, 5., 1994, Goi??nia, GO. [Resumos...]. Goi??nia, GO: EMBRAPA-CNPAF, 1994. p. 244-244.